| 000 | 00758nam a2200265Ia 4500 | ||
|---|---|---|---|
| 003 | OSt | ||
| 005 | 20221006160207.0 | ||
| 006 | a|||||r|||| 00| 0 | ||
| 007 | ta | ||
| 008 | 221006b |||||||| |||| 00| 0 eng d | ||
| 020 |
_a9781458202161 _c _14.99 |
||
| 024 | _a44,576 | ||
| 037 |
_bGift, Korean Embassy _cTextual |
||
| 040 |
_aEASL _cEASL _beng |
||
| 041 |
_2eng _aeng |
||
| 082 | _aV4952,1y7N41, Q2 | ||
| 100 |
_aCha John H. _9672336 |
||
| 245 | 0 |
_aExit emperor Kim jong-il _b Notes from his former mentor |
|
| 260 |
_aBloomington _bAbbott press _c2012 |
||
| 300 |
_a192p. _ccm. |
||
| 490 | _v KEL | ||
| 650 | _aKEL | ||
| 942 |
_hV4952,1y7N41, Q2 _cTEXL _2CC |
||
| 999 |
_c1112668 _d1112668 |
||